[Event "AUTO-ADV-998"]
[Site "http://www.queenalice.com/game.php?id=446405"]
[Date "2008.8.9"]
[Round "1"]
[White "tayh"]
[Black "THECRAZY"]
[Result "0-1"]
[WhiteElo "1657"]
[BlackElo "1872"]

1. e4 c5 2. Nf3 d6 3. d4 cxd4 4. Nxd4 e5 5. Nf3 Bg4 6. Bb5+ Nc6 7. O-O a6 8.
Bxc6+ bxc6 9. Nc3 Nf6 10. Bg5 Be7 11. Bxf6 Bxf6 12. Qd3 O-O 13. Rad1 Be7 14. h3
Be6 15. Qe2 Qb6 16. b3 Rad8 17. a4 d5 18. Nxe5 Bf6 19. exd5 Bxd5 20. Nxd5 Rxd5
21. Rxd5 cxd5 22. Nd7 Qd8 0-1

[Event "AUTO-ADV-998"]
[Site "http://www.queenalice.com/game.php?id=446412"]
[Date "2008.8.9"]
[Round "1"]
[White "tayh"]
[Black "PlayerElite"]
[Result "1-0"]
[WhiteElo "1650"]
[BlackElo "1625"]

1. e4 c5 2. Nf3 Nc6 3. d4 cxd4 4. Nxd4 Nf6 5. Nxc6 dxc6 6. Qxd8+ Kxd8 7. e5 Nd7
8. Bf4 g5 9. e6 gxf4 10. exd7 Bxd7 11. Bc4 f6 12. f3 e5 13. Nc3 Bb4 14. O-O Bxc3
15. bxc3 Kc7 16. Rfd1 Rad8 17. Kf2 Bf5 18. Bd3 Bxd3 19. cxd3 Rd5 20. c4 Rd4 21.
g4 Rhd8 22. Ke2 c5 23. h4 a6 24. h5 b5 25. Rac1 bxc4 26. Rxc4 Rxc4 27. dxc4 Rd4
28. Rc1 e4 29. fxe4 Rxe4+ 30. Kf3 Rd4 31. Re1 Kd6 32. Re4 Rxe4 33. Kxe4 f3 34.
Kxf3 Ke5 35. Kg3 Ke4 36. h6 1-0

[Event "AUTO-ADV-998"]
[Site "http://www.queenalice.com/game.php?id=446413"]
[Date "2008.8.9"]
[Round "1"]
[White "PlayerElite"]
[Black "tayh"]
[Result "0-1"]
[WhiteElo "1610"]
[BlackElo "1665"]

1. e4 e5 2. Nf3 Nc6 3. d4 exd4 4. Bc4 Nf6 5. e5 Qe7 6. O-O Nxe5 7. Nxe5 Qxe5 8.
Re1 Ne4 9. Bxf7+ Kxf7 10. Qf3+ Kg8 11. Rxe4 Qd5 12. c4 Qxc4 13. Na3 Qd5 14. Nb5
h6 15. Nxc7 Qc5 16. Nxa8 b6 17. Bf4 Bb7 18. Qb3+ Bd5 19. Qd3 Bxe4 20. Qxe4 Qc6
21. Qxc6 dxc6 22. Bb8 a5 23. Nxb6 Be7 24. Be5 c5 25. Nc4 a4 26. Re1 Bf6 27. Bd6
Kh7 28. Nb6 d3 29. Bxc5 Bxb2 30. Nxa4 Bf6 31. a3 Rd8 32. Rd1 Ra8 33. Nb6 Rd8 34.
Bb4 Bb2 35. Nc4 Bf6 0-1

[Event "AUTO-INT-1000"]
[Site "http://www.queenalice.com/game.php?id=447571"]
[Date "2008.8.12"]
[Round "1"]
[White "cardiloso"]
[Black "tayh"]
[Result "0-1"]
[WhiteElo "1647"]
[BlackElo "1581"]

1. e4 e5 2. f4 Nc6 3. Nf3 exf4 4. d4 Nf6 5. d5 Ne7 6. e5 Nfxd5 7. Bc4 Ne3 8.
Bxe3 fxe3 9. Ng5 d5 10. exd6 cxd6 11. Bxf7+ Kd7 12. Nc3 Qb6 13. Be6+ Kc7 14. Bb3
Bd7 0-1

[Event "AUTO-INT-1000"]
[Site "http://www.queenalice.com/game.php?id=447572"]
[Date "2008.8.12"]
[Round "1"]
[White "tayh"]
[Black "cardiloso"]
[Result "1-0"]
[WhiteElo "1620"]
[BlackElo "1647"]

1. e4 e5 2. Nf3 Nc6 3. Bb5 Bc5 4. Bxc6 dxc6 5. O-O Bg4 6. h3 Bxf3 7. Qxf3 Qf6 8.
Qg3 Ne7 9. d3 O-O 10. Bg5 Qg6 11. Qxe5 Bd6 12. Qa5 b6 13. Qd2 1-0

[Event "AUTO-INT-1000"]
[Site "http://www.queenalice.com/game.php?id=447587"]
[Date "2008.8.12"]
[Round "1"]
[White "montelo"]
[Black "tayh"]
[Result "0-1"]
[WhiteElo "1510"]
[BlackElo "1611"]

1. e4 e5 2. Qh5 Qf6 3. Nc3 Bc5 4. Nh3 d6 5. f3 Bxh3 6. Qxh3 Nc6 7. Nd5 Qd8 8.
Qg3 g6 9. d3 Nd4 10. Kd1 Nf6 11. b3 Nh5 12. Qe1 Qd7 13. Bb2 Qc6 14. c3 Ne6 15.
g4 Nhf4 16. b4 Nxd5 17. exd5 Qxd5 18. bxc5 Qxf3+ 19. Be2 Qd5 20. cxd6 Qxd6 21.
Bf3 Qxd3+ 22. Qd2 Qxf3+ 23. Kc2 Rd8 24. Qe1 Nc5 25. Qxe5+ Kd7 26. Qxc5 Qe4+ 27.
Kb3 b6 28. Qb5+ Kc8 29. c4 Rhe8 30. Qa6+ Kd7 31. Qxa7 Ra8 32. Rhe1 Qf3+ 33. Bc3
Rxa7 34. Rxe8 Kxe8 35. Re1+ Kd8 36. Kb4 c5+ 37. Kb5 Qxc3 38. Kxb6 Rc7 39. Rb1
Qf6+ 40. Kb5 Rb7+ 0-1

[Event "AUTO-INT-1000"]
[Site "http://www.queenalice.com/game.php?id=447588"]
[Date "2008.8.12"]
[Round "1"]
[White "tayh"]
[Black "montelo"]
[Result "1-0"]
[WhiteElo "1573"]
[BlackElo "1510"]

1. e4 e5 2. Nf3 Nf6 3. Nxe5 Nxe4 4. Qe2 d5 5. d3 Qe7 6. d4 Qb4+ 7. c3 Qb6 8. Qf3
f6 9. Qh5+ g6 10. Nxg6 Rg8 11. Ne5+ Kd8 12. Qf7 Be6 13. Qxf6+ Be7 14. Qh6 Bg5
15. Bxg5+ Nxg5 16. Qf6+ Kc8 17. f4 Ne4 18. Qh6 Re8 19. Qxh7 Qxb2 20. Qg6 Re7 21.
Bd3 Qxa1 22. f5 Bd7 23. f6 Re6 24. Qg8+ Be8 25. f7 Kd8 26. f8=Q Nd7 27. Nxd7
Kxd7 28. Qgg7+ Kc6 29. O-O Qxa2 30. Bxe4 Rxe4 31. Qc5# 1-0

[Event "AUTO-INT-1000"]
[Site "http://www.queenalice.com/game.php?id=447597"]
[Date "2008.8.12"]
[Round "1"]
[White "class_act"]
[Black "tayh"]
[Result "0-1"]
[WhiteElo "1613"]
[BlackElo "1635"]

1. e4 e5 2. Bc4 Nf6 3. Nc3 Bb4 4. Nf3 Bxc3 5. dxc3 Nc6 6. Ng5 O-O 7. O-O d6 8.
Nxf7 Rxf7 9. Bxf7+ Kxf7 10. Bg5 Qd7 11. Bxf6 gxf6 12. Qd5+ Kg7 13. Rad1 Qf7 14.
Qxf7+ Kxf7 15. Rd3 Be6 16. b3 f5 17. exf5 Bxf5 18. Rf3 Ke6 19. b4 Bxc2 20. Rc1
Bf5 21. b5 Ne7 22. h3 Rg8 23. Rg3 Ng6 24. c4 Rc8 25. c5 Nf4 26. Re1 Bd3 27. Rxd3
Nxd3 28. Re3 Nxc5 29. f4 e4 30. g4 Rf8 31. f5+ Ke5 32. Kg2 Nd7 33. Kg3 d5 34. h4
d4 35. Re1 d3 36. a4 Kd4 37. Kf4 d2 0-1

[Event "AUTO-INT-1000"]
[Site "http://www.queenalice.com/game.php?id=447598"]
[Date "2008.8.12"]
[Round "1"]
[White "tayh"]
[Black "class_act"]
[Result "1-0"]
[WhiteElo "1593"]
[BlackElo "1628"]

1. e4 e5 2. Nf3 Nc6 3. Bb5 f6 4. Bxc6 dxc6 5. O-O Bg4 6. h3 Bxf3 7. Qxf3 Bc5 8.
Nc3 Ne7 9. Qg3 Ng6 10. d3 O-O 11. h4 Nf4 12. Bxf4 exf4 13. Qxf4 Qd6 14. Qg4 b5
15. h5 h6 16. Qf5 Rae8 17. Ne2 Re5 18. Qh3 Bd4 19. c3 Bc5 20. d4 Rg5 21. dxc5
Qd2 22. Nd4 Qf4 23. Ne6 Qg4 24. Nxg5 Qxh3 25. Nxh3 g5 26. g4 Re8 27. f3 Kf7 28.
Rad1 Ke7 29. Rd3 Rd8 30. Rxd8 Kxd8 31. f4 a5 32. f5 b4 33. cxb4 axb4 34. Nxg5
Ke7 35. e5 fxe5 36. Ne6 e4 37. Nxc7 Kd7 38. f6 1-0

[Event "Challenge"]
[Site "http://www.queenalice.com/game.php?id=451472"]
[Date "2008.8.21"]
[Round "-"]
[White "tayh"]
[Black "debia"]
[Result "0-1"]
[WhiteElo "1652"]
[BlackElo "1636"]

1. e4 e5 2. Nf3 d6 3. d4 Bg4 4. dxe5 f6 5. exf6 gxf6 6. Be2 Be6 7. O-O Qe7 8.
Nd4 Bf7 9. Nc3 a6 10. Nf5 Qe5 0-1

[Event "AUTO-ADV-1029"]
[Site "http://www.queenalice.com/game.php?id=459463"]
[Date "2008.9.6"]
[Round "1"]
[White "fire4"]
[Black "tayh"]
[Result "1-0"]
[WhiteElo "1691"]
[BlackElo "1650"]

1. d4 d5 2. e3 Nf6 3. c4 Nc6 4. c5 Bf5 5. Nc3 e6 6. Bd3 Bxd3 7. Qxd3 Nb4 8. Qb5+
Nc6 9. Qxb7 Ne7 10. Nb5 Rb8 11. Nxc7+ Kd7 12. Qxa7 Qxc7 13. Qa4+ Qc6 14. Qc2 Nf5
15. Nf3 Ne4 16. Ne5+ Kc7 17. Nxc6 Kxc6 18. O-O g6 19. a4 Bg7 20. a5 Rb5 21. a6
Ra8 22. Qa4 Rb8 23. a7 Ra8 24. Qa6+ 1-0

[Event "AUTO-ADV-1029"]
[Site "http://www.queenalice.com/game.php?id=459464"]
[Date "2008.9.6"]
[Round "1"]
[White "tayh"]
[Black "fire4"]
[Result "0-1"]
[WhiteElo "1636"]
[BlackElo "1705"]

1. e4 c5 2. Nf3 b6 3. d4 e6 4. Bc4 Bb7 5. d5 Qc7 6. O-O Bd6 7. Qe2 exd5 8. exd5+
Ne7 9. Re1 O-O 10. Bg5 Ng6 11. Nc3 a6 12. Ne4 Nf4 13. Qd2 Be5 14. g3 Nh3+ 15.
Kg2 Nxg5 16. d6 Nxf3 17. dxc7 Nxd2 18. f3 Nxc4 19. b3 Bxa1 20. Rxa1 Bxe4 21.
fxe4 Ne3+ 22. Kf2 Nxc2 23. Rc1 Nc6 24. Rxc2 Nb4 25. Rd2 Ra7 0-1

[Event "AUTO-ADV-1029"]
[Site "http://www.queenalice.com/game.php?id=459478"]
[Date "2008.9.6"]
[Round "1"]
[White "tayh"]
[Black "ray"]
[Result "0-1"]
[WhiteElo "1629"]
[BlackElo "1646"]

1. e4 c5 2. Nf3 Nc6 3. Bb5 Qc7 4. Bxc6 Qxc6 5. Nc3 Nf6 6. d3 g6 7. O-O Bg7 8.
Be3 O-O 9. Ne5 Qd6 10. Bf4 b6 0-1

[Event "AUTO-ADV-1029"]
[Site "http://www.queenalice.com/game.php?id=459486"]
[Date "2008.9.6"]
[Round "1"]
[White "tayh"]
[Black "Dougtzu"]
[Result "0-1"]
[WhiteElo "1644"]
[BlackElo "1903"]

1. e4 c5 2. Nf3 d6 3. d4 cxd4 4. Nxd4 Nc6 5. Bb5 Nf6 6. Bxc6+ bxc6 7. Nc3 c5 8.
Nf5 g6 9. Ne3 Bg7 10. O-O Bb7 0-1